| 000 | 00488nam a2200181Ia 4500 | ||
|---|---|---|---|
| 003 | LK-CoDNM | ||
| 008 | 010623t2000 xxu||||| |||| 00| 1 sin d | ||
| 040 |
_aLK-CoDNM _dLK-CoDNM _eLK-CoDNM |
||
| 041 | _asin | ||
| 080 | _a294.3WIJ | ||
| 100 | _aWijethilaka,Mahinda | ||
| 245 | _aඅපට නොපෙනෙන ලෝකය, 2කොටස | ||
| 246 | _aApata nopenena Lokaya,Part 2 | ||
| 260 |
_bSadeepa _aBoralla _c2000 |
||
| 300 | _b126p, 21 cm | ||
| 650 | _aBudhism | ||
| 942 | _cBK | ||
| 999 |
_c120195 _d120195 |
||